000
00237nam a2200109Ia 4500
100
_a
Asoke K Talukdar
250
_a
2009 Ed.
942
_c
BK
245
_a
Mobile Computing
260
_a
Tata McGraw Hill, New Delhi
082
_a
4.16
_b
DOU
999
_c
422434
_d
422434